000 00314nam a22001457a 4500
008 230207b ||||| |||| 00| 0 eng d
020 _a9780073297187
041 _aeng
080 _a51
082 _a51
100 _a20
101 _aMATEM
245 _aINTERMEDIATE ALGEBRA
_cMESSERSMITH SH
942 _2udc
_cBK
999 _c59317
_d59317